| 000 | 00434nam a22001697a 4500 | ||
|---|---|---|---|
| 003 | CEME | ||
| 005 | 20210628204125.0 | ||
| 008 | 201230b xxu||||| |||| 00| 0 eng d | ||
| 020 | _a9780470177983 | ||
| 040 | _cCEME | ||
| 082 | _a621.366 KAN | ||
| 100 |
_aKannatey Asibu, Elijah _968849 |
||
| 245 | _aPrinciples of laser materials processing | ||
| 260 |
_aUSA _bJOHN WILEY & SONS _c2009 |
||
| 300 | _aXXVI, 819P | ||
| 942 |
_cBK _2ddc |
||
| 999 |
_c576305 _d576305 |
||